| 000 | 00660nam a2200181Ia 4500 | ||
|---|---|---|---|
| 008 | 151018s9999 xx 000 0 und d | ||
| 082 |
_bRBASDV36088 _a891.434 |
||
| 100 | _aविभा गुप्ता | ||
| 245 | _aराजनितीयौके रोचक प्रश्न | ||
| 250 | _b1 | ||
| 260 |
_bआर्यन प्रकाशन _c2002 |
||
| 300 | _a32 | ||
| 600 | _aविभा गुप्ता | ||
| 630 | _aराजनितीयौके रोचक प्रश्न | ||
| 700 | _aविभा गुप्ता | ||
| 730 | _aराजनितीयौके रोचक प्रश्न | ||
| 942 | _cBOOK | ||
| 999 |
_c1035553 _d1035550 |
||